| 000 | 00516nam a2200193Ia 4500 | ||
|---|---|---|---|
| 005 | 20240823023820.0 | ||
| 008 | 240823s9999||||xx |||||||||||||| ||und|| | ||
| 020 | _a0-19-567092-2 | ||
| 041 | _aENGLISH | ||
| 082 | _A620.317 P6 | ||
| 100 | _a"Moorthi,V.R" | ||
| 245 | 0 | _aPower Electronics:Devices Circuits and Industrial Applications | |
| 250 | _aIst | ||
| 260 |
_c2005 _bOxford University _aNew Delhi |
||
| 500 | _aTRANSFERED | ||
| 650 |
_aPower Electronics _bElectronics |
||
| 942 | _cBK | ||
| 999 |
_c182446 _d182446 |
||